| 000 | 00553nam a22001932 4500 | ||
|---|---|---|---|
| 001 | 0000001870 | ||
| 005 | 20151217155813.0 | ||
| 008 | 070328s xx 000 0 eng d | ||
| 040 |
_aKABU _cKABU |
||
| 050 | 0 |
_aDT433.245 _b.D63T46 |
|
| 100 | 1 |
_aThomas, Elizabeth Marshall. _@0000150932 |
|
| 245 | 1 | 0 | _aWarrior herdsmen. |
| 260 |
_aLondon : _bSecker & Warbug, _c1966. |
||
| 300 | _axxiii, 254 p. | ||
| 600 | 1 | 0 |
_aDodoth (African people) _@0000150933 |
| 908 | _a070328 | ||
| 950 | _@1 | ||
| 999 |
_c12647 _d12647 |
||